Pena de vida /

Guardado en:
Formato: Deslizar
Series:La Argentina Secreta
Materias:
Etiquetas: Agregar Etiqueta
Sin Etiquetas, Sea el primero en etiquetar este registro!
LEADER 00744ngm a22002535g 4500
001 CEM.cems021362
008 130507b1992##################0###0#####d
005 20240819163326.0
245 0 0 |a Pena de vida / 
300 |a 36 
490 0 |a La Argentina Secreta 
500 |a En soporte VHS, consultar en ventanilla. Grabación Drd 1992. 
505 0 |a La pobreza en la Argentina. 
538 |a Soporte: VHS - Norma: Pal N - Color: Si - Hitachi:0000 
082 3 0 |/ BOR 
653 |a SOCIOLOGIA 
653 |a POBREZA 
653 |a SUBDESARROLLO 
653 |a ARGENTINA 
653 |a SOCIOLOGIA 
653 |a IMPLOSION 
653 |a MARGINACION 
653 |a NIVEL SECUNDARIO 
859 |a CEMS  |b BIB. CEMS - Depto. Recursos Didacticos  |h 301  |i BOR  |k DRD  |p 5.12  |t Ej.1